Statistics for Top Gear F1 Driver Laps

Click here to take the quiz!

General Stats

  • This quiz has been taken 2,402 times
    (2,102 since last reset)
  • The average score is 8 of 11

Answer Stats

Time (mins)Answer% Correct
1:42.9Lewis Hamilton
99%
1:44.7 (w)Lewis Hamilton
99%
1:44.0Sebastian Vettel
91%
1:44.7Jenson Button
75%
1:44.9Jenson Button
74%
1.47.1 (w)Mark Webber
71%
1:43.1Mark Webber
70%
1:46.1Kimi Räikkönen
57%
1:44.3Rubens Barichello
46%
1:44.6Nigel Mansell
41%
1.46.3Damon Hill
38%

Score Distribution

Percentile by Number Answered

Percent of People with Each Score

Your Score History

You have not taken this quiz since the last reset